000 01764cam a22003135a 4500
001 15915506
005 20160403144104.0
008 090921s2010 mau frb 001 0 eng d
020 _a9781405167314 (hardcover : alk. paper)
020 _a1405167319 (hardcover : alk. paper)
040 _aDLC
_beng
_cDLC
_dYDX
_dUKM
_dYDXCP
_dBWX
_dDEBBG
_dCDX
_dOCL
_dDLC
_dEG-ScBUE
082 0 4 _a821.9109112
_222
_bWHI
100 1 _aWhitworth, Michael H.
_939749
245 1 0 _aReading modernist poetry /
_cMichael H. Whitworth.
260 _aMalden ;
_aOxford ;
_aChichester :
_bWiley-Blackwell,
_c2010.
300 _axi, 237 p. ;
_c24 cm.
490 0 _aReading poetry.
500 _aIndex : p. [234]-237.
504 _aIncludes bibliographical references.
505 0 _aPart one. Subject matter: reflexivity; landscapes, locations, and texts; explorations of consciousness -- Part two. Techniques: interpreting obscurities, negotiating negatives; the sound of the poem; allusion and quotation; the language of modernist poetry: diction and dialogue; literal and metaphorical language; mythology, mythography, and mythopoesis; who is speaking? -- Part three. Form, structure, and evaluation: form; subjects and objects in modernist lyric; temporality and modernist lyric; the dramatic monologue; modernism, epic, and the long poem; modernist endings; value and evaluation.
650 0 _aEnglish poetry
_y20th century
_xHistory and criticism
_xTheory, etc.
_2BUEsh
650 0 _aAmerican poetry
_y20th century
_xHistory and criticism
_xTheory, etc.
_2BUEsh
650 7 _aReader-response criticism.
_2BUEsh
_939751
650 7 _aPoetry
_xExplication.
_2BUEsh
_939750
650 0 _aModernism (Literature)
_2BUEsh
_930834
651 _2BUEsh
653 _bEEENG
_cApril2016
942 _2ddc
999 _c21563
_d21535